<?xml version="1.0" encoding="UTF-8"?>
<record
    xmlns:xsi="http://www.w3.org/2001/XMLSchema-instance"
    xsi:schemaLocation="http://www.loc.gov/MARC21/slim http://www.loc.gov/standards/marcxml/schema/MARC21slim.xsd"
    xmlns="http://www.loc.gov/MARC21/slim">

  <leader>02237nam0a2200385   4500</leader>
  <controlfield tag="001">RU\NLR\bibl\736081</controlfield>
  <controlfield tag="005">20260407084502.0</controlfield>
  <datafield tag="010" ind1=" " ind2=" ">
    <subfield code="a">5-89846-375-5</subfield>
    <subfield code="b">&#x432; &#x43E;&#x431;&#x43B;.</subfield>
    <subfield code="9">200</subfield>
  </datafield>
  <datafield tag="021" ind1=" " ind2=" ">
    <subfield code="a">RU</subfield>
    <subfield code="b">2004-59439</subfield>
    <subfield code="9">2930</subfield>
  </datafield>
  <datafield tag="035" ind1=" " ind2=" ">
    <subfield code="a">RSL-KNO-002480449</subfield>
  </datafield>
  <datafield tag="035" ind1=" " ind2=" ">
    <subfield code="a">(NLR Aleph) 000726003</subfield>
  </datafield>
  <datafield tag="090" ind1=" " ind2=" ">
    <subfield code="a">732668</subfield>
    <subfield code="c">732668</subfield>
  </datafield>
  <datafield tag="100" ind1=" " ind2=" ">
    <subfield code="a">20040928d2004    |||y0rusy50      ca</subfield>
  </datafield>
  <datafield tag="101" ind1="0" ind2=" ">
    <subfield code="a">rus</subfield>
  </datafield>
  <datafield tag="102" ind1=" " ind2=" ">
    <subfield code="a">RU</subfield>
  </datafield>
  <datafield tag="105" ind1=" " ind2=" ">
    <subfield code="a">y   |||||||||</subfield>
  </datafield>
  <datafield tag="106" ind1=" " ind2=" ">
    <subfield code="a">r</subfield>
  </datafield>
  <datafield tag="200" ind1="1" ind2=" ">
    <subfield code="a">&#x410;&#x441;&#x441;&#x430;&#x43C;&#x431;&#x43B;&#x435;&#x44F; &#x43F;&#x440;&#x435;&#x434;&#x441;&#x442;&#x430;&#x432;&#x438;&#x442;&#x435;&#x43B;&#x435;&#x439; &#x43A;&#x43E;&#x440;&#x435;&#x43D;&#x43D;&#x44B;&#x445; &#x43C;&#x430;&#x43B;&#x43E;&#x447;&#x438;&#x441;&#x43B;&#x435;&#x43D;&#x43D;&#x44B;&#x445; &#x43D;&#x430;&#x440;&#x43E;&#x434;&#x43E;&#x432; &#x421;&#x435;&#x432;&#x435;&#x440;&#x430; &#x414;&#x443;&#x43C;&#x44B; &#x425;&#x430;&#x43D;&#x442;&#x44B;-&#x41C;&#x430;&#x43D;&#x441;&#x438;&#x439;&#x441;&#x43A;&#x43E;&#x433;&#x43E; &#x430;&#x432;&#x442;&#x43E;&#x43D;&#x43E;&#x43C;&#x43D;&#x43E;&#x433;&#x43E; &#x43E;&#x43A;&#x440;&#x443;&#x433;&#x430; - &#x42E;&#x433;&#x440;&#x44B; 3-&#x433;&#x43E; &#x441;&#x43E;&#x437;&#x44B;&#x432;&#x430;</subfield>
    <subfield code="f">[&#x441;&#x43E;&#x441;&#x442;.: &#x415;. &#x415;. &#x41F;&#x438;&#x43B;&#x438;&#x43F;&#x435;&#x43D;&#x43A;&#x43E;, &#x413;. &#x418;. &#x41A;&#x440;&#x430;&#x441;&#x43D;&#x443;&#x445;&#x438;&#x43D;&#x430;]</subfield>
  </datafield>
  <datafield tag="210" ind1=" " ind2=" ">
    <subfield code="a">&#x425;&#x430;&#x43D;&#x442;&#x44B;-&#x41C;&#x430;&#x43D;&#x441;&#x438;&#x439;&#x441;&#x43A;</subfield>
    <subfield code="c">&#x41F;&#x43E;&#x43B;&#x438;&#x433;&#x440;&#x430;&#x444;&#x438;&#x441;&#x442;</subfield>
    <subfield code="d">2004</subfield>
  </datafield>
  <datafield tag="215" ind1=" " ind2=" ">
    <subfield code="a">86 &#x441;.</subfield>
    <subfield code="d">21</subfield>
  </datafield>
  <datafield tag="300" ind1=" " ind2=" ">
    <subfield code="a">&#x412; &#x43D;&#x430;&#x434;&#x437;&#x430;&#x433;.: &#x420;&#x43E;&#x441;. &#x424;&#x435;&#x434;&#x435;&#x440;&#x430;&#x446;&#x438;&#x44F;, &#x414;&#x443;&#x43C;&#x430; &#x425;&#x430;&#x43D;&#x442;&#x44B;-&#x41C;&#x430;&#x43D;&#x441;. &#x430;&#x432;&#x442;. &#x43E;&#x43A;&#x440;.-&#x42E;&#x433;&#x440;&#x44B;, &#x410;&#x441;&#x441;&#x430;&#x43C;&#x431;&#x43B;&#x435;&#x44F; &#x43F;&#x440;&#x435;&#x434;&#x441;&#x442;&#x430;&#x432;&#x438;&#x442;&#x435;&#x43B;&#x435;&#x439; &#x43A;&#x43E;&#x440;&#x435;&#x43D;. &#x43C;&#x430;&#x43B;&#x43E;&#x447;&#x438;&#x441;&#x43B;. &#x43D;&#x430;&#x440;&#x43E;&#x434;&#x43E;&#x432; &#x421;&#x435;&#x432;&#x435;&#x440;&#x430;</subfield>
  </datafield>
  <datafield tag="606" ind1="1" ind2=" ">
    <subfield code="a">&#x41C;&#x430;&#x43B;&#x44B;&#x435; &#x43D;&#x430;&#x440;&#x43E;&#x434;&#x44B;</subfield>
    <subfield code="j">&#x421;&#x44A;&#x435;&#x437;&#x434;&#x44B;, &#x441;&#x43E;&#x432;&#x435;&#x449;&#x430;&#x43D;&#x438;&#x44F; &#x438; &#x442;.&#x43F;.</subfield>
    <subfield code="x">&#x417;&#x430;&#x449;&#x438;&#x442;&#x430; &#x43F;&#x440;&#x430;&#x432;</subfield>
    <subfield code="y">&#x425;&#x430;&#x43D;&#x442;&#x44B;-&#x41C;&#x430;&#x43D;&#x441;&#x438;&#x439;&#x441;&#x43A;&#x438;&#x439; &#x430;&#x432;&#x442;&#x43E;&#x43D;&#x43E;&#x43C;&#x43D;&#x44B;&#x439; &#x43E;&#x43A;&#x440;&#x443;&#x433;-&#x42E;&#x433;&#x440;&#x430;</subfield>
    <subfield code="9">2379701</subfield>
    <subfield code="3">RU\NLR\auth\661419899</subfield>
  </datafield>
  <datafield tag="610" ind1="0" ind2=" ">
    <subfield code="a">&#x413;&#x43E;&#x441;&#x443;&#x434;&#x430;&#x440;&#x441;&#x442;&#x432;&#x43E; &#x438; &#x43F;&#x440;&#x430;&#x432;&#x43E;. &#x42E;&#x440;&#x438;&#x434;&#x438;&#x447;&#x435;&#x441;&#x43A;&#x438;&#x435; &#x43D;&#x430;&#x443;&#x43A;&#x438; -- &#x413;&#x43E;&#x441;&#x443;&#x434;&#x430;&#x440;&#x441;&#x442;&#x432;&#x435;&#x43D;&#x43D;&#x43E;&#x435; (&#x43A;&#x43E;&#x43D;&#x441;&#x442;&#x438;&#x442;&#x443;&#x446;&#x438;&#x43E;&#x43D;&#x43D;&#x43E;&#x435;) &#x43F;&#x440;&#x430;&#x432;&#x43E; -- &#x420;&#x43E;&#x441;&#x441;&#x438;&#x439;&#x441;&#x43A;&#x430;&#x44F; &#x424;&#x435;&#x434;&#x435;&#x440;&#x430;&#x446;&#x438;&#x44F; -- &#x41F;&#x440;&#x430;&#x432;&#x43E;&#x432;&#x43E;&#x435; &#x43F;&#x43E;&#x43B;&#x43E;&#x436;&#x435;&#x43D;&#x438;&#x435; &#x433;&#x440;&#x430;&#x436;&#x434;&#x430;&#x43D; -- &#x41E;&#x441;&#x43D;&#x43E;&#x432;&#x43D;&#x44B;&#x435; &#x43F;&#x440;&#x430;&#x432;&#x430; &#x438; &#x441;&#x432;&#x43E;&#x431;&#x43E;&#x434;&#x44B; &#x433;&#x440;&#x430;&#x436;&#x434;&#x430;&#x43D; -- &#x421;&#x431;&#x43E;&#x440;&#x43D;&#x438;&#x43A; &#x43D;&#x43E;&#x440;&#x43C;&#x430;&#x442;&#x438;&#x432;&#x43D;&#x44B;&#x445; &#x430; &#x43A;&#x442;&#x43E;&#x432;</subfield>
  </datafield>
  <datafield tag="686" ind1=" " ind2=" ">
    <subfield code="a">&#x425;620.32-321.2</subfield>
    <subfield code="2">rubbk</subfield>
  </datafield>
  <datafield tag="686" ind1=" " ind2=" ">
    <subfield code="a">&#x425;620.32&#x44F;431</subfield>
  </datafield>
  <datafield tag="702" ind1=" " ind2="1">
    <subfield code="a">&#x41F;&#x438;&#x43B;&#x438;&#x43F;&#x435;&#x43D;&#x43A;&#x43E;</subfield>
    <subfield code="b">&#x415;. &#x415;.</subfield>
    <subfield code="g">&#x415;&#x432;&#x433;&#x435;&#x43D;&#x438;&#x439; &#x415;&#x432;&#x433;&#x435;&#x43D;&#x44C;&#x435;&#x432;&#x438;&#x447;</subfield>
    <subfield code="4">220</subfield>
  </datafield>
  <datafield tag="712" ind1="0" ind2="2">
    <subfield code="4">570</subfield>
    <subfield code="a">&#x410;&#x441;&#x441;&#x430;&#x43C;&#x431;&#x43B;&#x435;&#x44F; &#x43F;&#x440;&#x435;&#x434;&#x441;&#x442;&#x430;&#x432;&#x438;&#x442;&#x435;&#x43B;&#x435;&#x439; &#x43A;&#x43E;&#x440;&#x435;&#x43D;&#x43D;&#x44B;&#x445; &#x43C;&#x430;&#x43B;&#x43E;&#x447;&#x438;&#x441;&#x43B;&#x435;&#x43D;&#x43D;&#x44B;&#x445; &#x43D;&#x430;&#x440;&#x43E;&#x434;&#x43E;&#x432; &#x421;&#x435;&#x432;&#x435;&#x440;&#x430;</subfield>
    <subfield code="c">&#x425;&#x430;&#x43D;&#x442;&#x44B;-&#x41C;&#x430;&#x43D;&#x441;&#x438;&#x439;&#x441;&#x43A;</subfield>
    <subfield code="3">RU\NLR\AUTH\8810045520</subfield>
    <subfield code="9">590522</subfield>
  </datafield>
  <datafield tag="801" ind1=" " ind2="0">
    <subfield code="a">RU</subfield>
    <subfield code="b">RuMoRKP</subfield>
    <subfield code="c">20040928</subfield>
    <subfield code="g">rcr</subfield>
  </datafield>
  <datafield tag="801" ind1=" " ind2="1">
    <subfield code="a">RU</subfield>
    <subfield code="b">RuMoRGB</subfield>
    <subfield code="c">20040928</subfield>
  </datafield>
  <datafield tag="801" ind1=" " ind2="2">
    <subfield code="a">RU</subfield>
    <subfield code="b">NLR</subfield>
    <subfield code="c">20050316</subfield>
    <subfield code="g">PSBO</subfield>
  </datafield>
  <datafield tag="942" ind1=" " ind2=" ">
    <subfield code="c">BOOK</subfield>
  </datafield>
  <datafield tag="980" ind1=" " ind2=" ">
    <subfield code="a">NB</subfield>
  </datafield>
  <datafield tag="980" ind1=" " ind2=" ">
    <subfield code="a">NBR</subfield>
  </datafield>
  <datafield tag="995" ind1=" " ind2=" ">
    <subfield code="5">2005-03-16</subfield>
    <subfield code="a">ad</subfield>
    <subfield code="b">NLR01</subfield>
    <subfield code="c">NLR01</subfield>
    <subfield code="e">RF3</subfield>
    <subfield code="f">871770</subfield>
    <subfield code="k">2005-4/14041</subfield>
    <subfield code="o">0</subfield>
    <subfield code="r">BOOK</subfield>
    <subfield code="s">2005414041_</subfield>
  </datafield>
  <datafield tag="995" ind1=" " ind2=" ">
    <subfield code="5">2005-03-16</subfield>
    <subfield code="a">ad</subfield>
    <subfield code="b">NLR01</subfield>
    <subfield code="c">NLR01</subfield>
    <subfield code="e">RF3</subfield>
    <subfield code="f">871771</subfield>
    <subfield code="k">2005-4/14041</subfield>
    <subfield code="o">0</subfield>
    <subfield code="r">BOOK</subfield>
    <subfield code="s">2005414041_</subfield>
  </datafield>
</record>
